00276nam a2200097Ia 4500082001800000245006300018100003000081942000700111008004100118999001900159 aST 32.23 MEDI 0aMedia studies. Volume 1: Media history, media and society  a Fourie, Pieter J 94693 cBK210825s9999 xx 000 0 und d c519027d519026